Regulating the sale and rent back market (Record no. 109240)

MARC details
000 -LEADER
fixed length control field 02928cad a22003735a 4500
001 - CONTROL NUMBER
control field L146606
008 - FIXED-LENGTH DATA ELEMENTS--GENERAL INFORMATION
fixed length control field 090209e20090206xxkd f f000 0 eng d
020 ## - INTERNATIONAL STANDARD BOOK NUMBER
International Standard Book Number 978184532559
035 ## - SYSTEM CONTROL NUMBER
System control number (Sirsi) u146606
041 0# - LANGUAGE CODE
Language code of text/sound track or separate title eng
050 04 - LIBRARY OF CONGRESS CALL NUMBER
Classification number 306.1 $2 18
110 2# - MAIN ENTRY--CORPORATE NAME
Corporate name or jurisdiction name as entry element United Kingdom
Subordinate unit HM Treasury
245 00 - TITLE STATEMENT
Title Regulating the sale and rent back market
Remainder of title a consultation
Medium [electronic resource]
260 ## - PUBLICATION, DISTRIBUTION, ETC.
Place of publication, distribution, etc. London
Name of publisher, distributor, etc. HM Treasury
Date of publication, distribution, etc. 2009
505 2# - FORMATTED CONTENTS NOTE
Formatted contents note Introduction: subject of the consultation; responding to the consultation; code of practice for written consultation; FSA consultation -- Background to the consultation: supporting homeowners in difficulty; the sale and rent back market; OFT report; product analysis; market analysis; fair treatment of consumers; existing consumer protection; OFT recommendations; government response -- Issues for consideration: policy options for consultation; draft legislation; definition of a sale and rent back agreement; arranging or advising on a sale and rent back agreement; entering into a sale and rent back agreement; administering a sale and rent back agreement; exclusions and exemptions; consequential amendments; interim regime; other comments -- Next steps: government response to consultation; next steps -- Annexes: impact assessment; draft Statutory Instrument
520 ## - SUMMARY, ETC.
Summary, etc. This report from the Office of Fair Trading (OFT) and the Financial Services Authority investigates the sale and rent back market, whereby properties are sold at a reduced rate, granting the current owners assured tenancies after the sale. It looks at current provisions and at possible areas where the legislation should be strengthened to protect consumers. This consultation builds on suggestions made in an OFT consultation and asks a range of stakeholders to comment on what steps should be taken.
521 ## - TARGET AUDIENCE NOTE
Target audience note Advanced
590 ## - LOCAL NOTE (RLIN)
Local note KA
650 24 - SUBJECT ADDED ENTRY--TOPICAL TERM
Topical term or geographic name entry element FINANCIAL SERVICES AND MARKETS ACT 2000 (PROFESSIONS) (NON-EXEMPT ACTIVITIES) ORDER 2001
650 24 - SUBJECT ADDED ENTRY--TOPICAL TERM
Topical term or geographic name entry element FINANCIAL SERVICES AND MARKETS ACT 2000 (REGULATED ACTIVITIES) ORDER 2001
650 24 - SUBJECT ADDED ENTRY--TOPICAL TERM
Topical term or geographic name entry element LAW OF PROPERTY (MISCELLANEOUS PROVISIONS) ACT 1989 S2
650 24 - SUBJECT ADDED ENTRY--TOPICAL TERM
Topical term or geographic name entry element LIMITED LIABILITY PARTNERSHIPS (ACCOUNTS AND AUDIT) (APPLICATION OF COMPANIES ACT 2006) REGULATIONS 2008
650 24 - SUBJECT ADDED ENTRY--TOPICAL TERM
Topical term or geographic name entry element REGULATION OF FINANCIAL SERVICES (LAND TRANSACTIONS) ACT 2005
650 24 - SUBJECT ADDED ENTRY--TOPICAL TERM
Topical term or geographic name entry element TIMESHARE ACT 1992
650 24 - SUBJECT ADDED ENTRY--TOPICAL TERM
Topical term or geographic name entry element COMPANIES ACT 1985 S262(1)
650 24 - SUBJECT ADDED ENTRY--TOPICAL TERM
Topical term or geographic name entry element COMPANIES ACT 2006
650 24 - SUBJECT ADDED ENTRY--TOPICAL TERM
Topical term or geographic name entry element FINANCIAL SERVICES AND MARKETS ACT 2000
650 24 - SUBJECT ADDED ENTRY--TOPICAL TERM
Topical term or geographic name entry element FINANCIAL SERVICES AND MARKETS ACT 2000 (APPOINTED REPRESENTATIVES) REGULATIONS 2001
650 24 - SUBJECT ADDED ENTRY--TOPICAL TERM
Topical term or geographic name entry element FINANCIAL SERVICES AND MARKETS ACT 2000 (FINANCIAL PROMOTION) ORDER 2005
651 #4 - SUBJECT ADDED ENTRY--GEOGRAPHIC NAME
Geographic name England and Wales
Chronological subdivision 1543-
690 ## - LOCAL SUBJECT ADDED ENTRY--TOPICAL TERM (OCLC, RLIN)
Topical term or geographic name as entry element Residential property
9 (RLIN) 6266
856 40 - ELECTRONIC LOCATION AND ACCESS
Uniform Resource Identifier <a href="https://www.hm-treasury.gov.uk/consult_sale_rent.htm">https://www.hm-treasury.gov.uk/consult_sale_rent.htm</a>
Public note View the consultation free of charge at www.hm-treasury.gov.uk...
942 ## - ADDED ENTRY ELEMENTS (KOHA)
Suppress in OPAC 0
Holdings
Withdrawn status Lost status Source of classification or shelving scheme Damaged status Not for loan Home library Current library Shelving location Date acquired Total Checkouts Full call number Barcode Date last seen Copy number Price effective from Koha item type
    Dewey Decimal Classification     Virtual Virtual Online 09/02/2009   ONLINE PUBLICATION 146606-1001 06/08/2019 1 06/08/2019 Book